إدارة الخطر و التأمين / (رقم التسجيلة. 116799)
[ عرض عادي ]
| 000 -LEADER | |
|---|---|
| fixed length control field | 00711nam a22002177a 4500 |
| 005 - DATE AND TIME OF LATEST TRANSACTION | |
| control field | 20251108174734.0 |
| 008 - FIXED-LENGTH DATA ELEMENTS--GENERAL INFORMATION | |
| fixed length control field | 250721s2009 xx 000 0 ara d |
| 082 14 - DEWEY DECIMAL CLASSIFICATION NUMBER | |
| Classification number | 368.068/بكر |
| 100 1# - MAIN ENTRY--PERSONAL NAME | |
| Personal name | أبو بكر، عيد أحمد |
| 245 10 - TITLE STATEMENT | |
| Title | إدارة الخطر و التأمين / |
| 246 11 - VARYING FORM OF TITLE | |
| Title proper/short title | RISK MANAGMENT & INSURANCE |
| 264 1# - PRODUCTION, PUBLICATION, DISTRIBUTION, MANUFACTURE, AND COPYRIGHT NOTICE | |
| Place of production, publication, distribution, manufacture | عمان : |
| Name of producer, publisher, distributor, manufacturer | دار اليازوري العلمية للنشر و التوزيع، |
| Date of production, publication, distribution, manufacture, or copyright notice | 2009. |
| 300 ## - PHYSICAL DESCRIPTION | |
| Extent | 386ص. |
| 650 17 - SUBJECT ADDED ENTRY--TOPICAL TERM | |
| Topical term or geographic name as entry element | التامين |
| 650 17 - SUBJECT ADDED ENTRY--TOPICAL TERM | |
| Topical term or geographic name as entry element | اداره المخاطر |
| 650 17 - SUBJECT ADDED ENTRY--TOPICAL TERM | |
| Topical term or geographic name as entry element | تامين الممتلكات |
| 650 17 - SUBJECT ADDED ENTRY--TOPICAL TERM | |
| Topical term or geographic name as entry element | شركات التامين |
| 700 1# - ADDED ENTRY--PERSONAL NAME | |
| Personal name | السيفو، وليد اسماعيل |
| 942 ## - ADDED ENTRY ELEMENTS (KOHA) | |
| Source of classification or shelving scheme | Dewey Decimal Classification |
| Koha item type | كتب |
| حالة السحب | حالة الفقدان | مصدر التصنيف | حالة التلف | غير قابل للإعارة | المكتبة الرئيسية | المكتبة الحالية | موقع الرف | تاريخ التزويد | الرقم المتسلسل | Total Checkouts | رقم الإستدعاء | الباركود | تاريخ آخر ظهور | تاريخ الفاتورة | نوع المادة (كوها) |
|---|---|---|---|---|---|---|---|---|---|---|---|---|---|---|---|
| Withdrawn | Dewey Decimal Classification | المكتبة المركزية | المكتبة المركزية | الإعارة | 28/07/2025 | 1294864 | 368.068/بكر | PLD00097902 | 28/07/2025 | 28/07/2025 | كتب | ||||
| Dewey Decimal Classification | مكتبة أبو علندا العامة | مكتبة أبو علندا العامة | الإعارة | 21/06/2009 | 1294865 | 368.068/بكر | PLD00098131 | 28/07/2025 | 21/06/2009 | كتب | |||||
| Dewey Decimal Classification | مكتبة الأميرة ايمان العامة | مكتبة الأميرة ايمان العامة | الإعارة | 21/06/2009 | 1294866 | 368.068/بكر | PLD00098130 | 28/07/2025 | 21/06/2009 | كتب | |||||
| Dewey Decimal Classification | مكتبة وادي السير العامة | مكتبة وادي السير العامة | الإعارة | 21/06/2009 | 1294870 | 368.068/بكر | PLD00098126 | 28/07/2025 | 21/06/2009 | كتب | |||||
| Dewey Decimal Classification | مكتبة ومركز فرح | مكتبة ومركز فرح | الإعارة | 21/06/2009 | 1294873 | 368.068/بكر | PLD00098123 | 28/07/2025 | 21/06/2009 | كتب |